00463nam a2200169 a 4500001001300000003000900013005001700022008004100039020002300080082002000103100002200123245004500145260004300190300000900233500003500242650001600277nice12345678IN_TiNIC20260116014026.0070412s2005 lona grp 000 0 eng  a0415359813 c39500a324.245408bADE aAdeney, Katharine aCoalition Politics and Hindu Nationalism aLondon bRoutledge Chapman Hall c2005 a294p aincludes index and biblioraphy aNationalism